Task Force : (Record no. 618908)

MARC details
000 -LEADER
fixed length control field 00489nam a2200193 a 4500
008 - FIXED-LENGTH DATA ELEMENTS--GENERAL INFORMATION
fixed length control field 260407s2004##################000#0#eng##
020 ## - INTERNATIONAL STANDARD BOOK NUMBER
ISBN 9780755312030
082 04 - DEWEY DECIMAL CLASSIFICATION NUMBER
Classification number 359.00941
Item number PAR
100 1# - MAIN ENTRY--AUTHOR NAME
Personal name Parker, John,
245 10 - TITLE STATEMENT
Title Task Force :
260 ## - PUBLICATION, DISTRIBUTION, ETC. (IMPRINT)
Name of publisher Headline Book Pub Limited,
Year of publication 2004.
300 ## - PHYSICAL DESCRIPTION
Number of Pages 384 pages
650 #0 - SUBJECT ADDED ENTRY--TOPICAL TERM
Topical Term History.
942 ## - ADDED ENTRY ELEMENTS (KOHA)
Koha item type English Books
Holdings
Withdrawn status Lost status Damaged status Not for loan Home library Current library Shelving location Date acquired Full call number Accession Number Price effective from Koha item type
        Anna Centenary Library Anna Centenary Library 4TH FLOOR, A WING 07.04.2026 359.00941 PAR 364444 07.04.2026 English Books

Find us on the map